| 000 | 00660nam a22002177a 4500 | ||
|---|---|---|---|
| 999 |
_c5450 _d5450 |
||
| 003 | AR-CdUCM | ||
| 008 | 190312b ||||| |||| 00| 0 spa d | ||
| 040 |
_aMUNICIPALIDAD PROVINCIAL DEL CUSCO _cBIBLIOTECA MUNICIPAL DEL CUSCO |
||
| 082 |
_a869.56 / _bG26 |
||
| 100 |
_aGarrido Malaver, Julio _92596 |
||
| 245 | _aEl nuevo canto del hombre / | ||
| 260 |
_aTrujillo : _c1958. |
||
| 300 |
_a92 paginas ; _c20 cm. |
||
| 500 | _aDonación de la familia Nieto. | ||
| 505 | _aContenido :El nuevo canto del hombre. | ||
| 650 |
_aLiteratura peruana _9169 |
||
| 650 |
_aCuentos peruanos _97 |
||
| 650 |
_aHistorietas _910786 |
||
| 942 |
_2ddc _cLIBROS |
||
| 945 | _arum | ||